Preliminary physiological studies on the promotion of latex flow by plant growth regulators (Record no. 65501)

MARC details
000 -LEADER
fixed length control field 00427nam a2200133Ia 4500
100 ## - MAIN ENTRY--AUTHOR NAME
Personal name Boatman S G
245 #0 - TITLE STATEMENT
Title Preliminary physiological studies on the promotion of latex flow by plant growth regulators
260 ## - PUBLICATION, DISTRIBUTION, ETC. (IMPRINT)
Name of publisher Journal of the Rubber Research Institute of Malaya
Year of publication 1966
300 ## - PHYSICAL DESCRIPTION
Number of Pages 243-258
650 ## - SUBJECT ADDED ENTRY--TOPICAL TERM
Topical Term Latex flow
650 ## - SUBJECT ADDED ENTRY--TOPICAL TERM
Topical Term Plant growth regulators
942 ## - ADDED ENTRY ELEMENTS (KOHA)
Koha item type Journals
Holdings
Withdrawn status Lost status Damaged status Not for loan Home library Current library Shelving location Date acquired Serial Enumeration / chronology Koha item type
      Journals RRII Library RRII Library Physiology 17/12/2021 Volume 19, Issue 5 Journals